000 00789nam a2200253Ia 4500
003 OSt
005 20241016143941.0
008 210329s9999||||xx |||||||||||||| ||und||
020 _a9788176901383
040 _cSTCPL
041 _aMAL
082 _aM07
_bPRI-M
100 _aPriyadarsanan, G.
_qജി. പ്രിയദർശനൻ
245 0 _aMalayala pathrapravarthanam :
_bPrarambhaswaroopam /
_cby G. Priyadarsanan
_hമലയാളപത്രപ്രവര്‍ത്തനം : പ്രാരംഭസ്വരൂപം
250 _a2nd ed.
260 _aThrissur :
_bKerala Sahitya Akademi ,
_c2010 .
300 _a156 p.
_bPB
650 _aMalayalam literature
650 _aNon-Fiction
650 _aStudy
942 _cBK
942 _2ddc
942 _2ddc
999 _c64134
_d64134